| 000 | 00431nam a2200157 a 4500 | ||
|---|---|---|---|
| 005 | 20140414131905.0 | ||
| 008 | 100924s19uu xx 00 eng d | ||
| 020 | _a0394805720 | ||
| 050 |
_aFIC _bSa1 2004 |
||
| 100 | _aSachar, Louis | ||
| 245 |
_aLouis Sachar: _bthere's a boy in the girl's bathroom. |
||
| 260 |
_aNew York : _bScholastic , _c2000. |
||
| 300 | _a195 | ||
| 650 |
_aTroublesome- _xboy- _xfiction. |
||
| 999 |
_c110877 _d110877 |
||